| 000 | 00890nam0a22002411 4500 | ||
|---|---|---|---|
| 001 | rc\2750547 | ||
| 005 | 20260628211137.0 | ||
| 035 | _a(NLR Aleph) 006877458 | ||
| 090 |
_a7011879 _c7011879 |
||
| 100 | _a20110915d1939 |||y0rusy50 ca | ||
| 101 | 0 | _arus | |
| 102 | _aRU | ||
| 105 | _ac z ||||| | ||
| 200 | 1 |
_aТеатр имени Федора Волкова _e[Статьи к постановкам, состав труппы, программы спектаклей] _eК гастролям в Москве. 1939 |
|
| 210 |
_a[Ярославль] _cБ. и. _d[1939] |
||
| 215 |
_a20 с. _cпортр. _d24 см. |
||
| 710 | 0 | 2 |
_aЯрославский драматический театр им. Ф. Г. Волкова _3RU\NLR\AUTH\889922686 _9341350 |
| 801 | 0 |
_aRU _bNLR _gpsbo |
|
| 801 | 1 |
_aRU _bELAR _2rusmarc |
|
| 852 |
_aNLR _j39-12/316 |
||
| 942 | _cBOOK | ||
| 980 | _aNB | ||